000 00304cam a2200121ua 4500
082 _a611
_bBHA/MA
100 _aBhaskara Paniker, P .
_91792
245 _aManushyante Anatomium Physiologium /
250 _a1 /
260 _aEranakulam :
_bPrabhath Book House ,
_c1960.
300 _a68 ; .
942 _cBK
999 _c6655
_d6655